| 000 | 00760nam a2200133Ia 4500 | ||
|---|---|---|---|
| 008 | 171212s9999 xx 000 0 und d | ||
| 020 | _a9780833039842 | ||
| 100 | _aKahan, James P.;Wu, Mengjie;Hajiamiri, Sara;Knopman, Debra;Mengjie Wu, ;Sara Hajiamiri, ;Debra Knopman, | ||
| 245 |
_cKahan, James P.;Wu, Mengjie;Hajiamiri, Sara;Knopman, Debra;Mengjie Wu, ;Sara Hajiamiri, ;Debra Knopman, _aFrom Flood Control to Integrated Water Resource Management _bLessons for the Gulf Coast from Flooding in Other Places in the Last Sixty Years |
||
| 260 |
_bRAND Corporation _c2006 |
||
| 650 | _aFloods -- Case studies; Emergency management -- Case studies; Disaster relief -- Case studies | ||
| 650 | _aPolitical Science | ||
| 856 | _uwww.jstor.org/stable/10.7249/op164rc | ||
| 999 |
_c352107 _d352107 |
||